<?xml version="1.0" encoding="UTF-8"?><?xml-stylesheet type="text/xsl" href="static/style.xsl"?><OAI-PMH xmlns="http://www.openarchives.org/OAI/2.0/" xmlns:xsi="http://www.w3.org/2001/XMLSchema-instance" xsi:schemaLocation="http://www.openarchives.org/OAI/2.0/ http://www.openarchives.org/OAI/2.0/OAI-PMH.xsd"><responseDate>2026-04-14T18:11:48Z</responseDate><request verb="GetRecord" identifier="oai:uvadoc.uva.es:10324/36746" metadataPrefix="marc">https://uvadoc.uva.es/oai/request</request><GetRecord><record><header><identifier>oai:uvadoc.uva.es:10324/36746</identifier><datestamp>2021-06-29T23:49:04Z</datestamp><setSpec>com_10324_38</setSpec><setSpec>col_10324_852</setSpec></header><metadata><record xmlns="http://www.loc.gov/MARC21/slim" xmlns:doc="http://www.lyncode.com/xoai" xmlns:xsi="http://www.w3.org/2001/XMLSchema-instance" xmlns:dcterms="http://purl.org/dc/terms/" xsi:schemaLocation="http://www.loc.gov/MARC21/slim http://www.loc.gov/standards/marcxml/schema/MARC21slim.xsd">
<leader>00925njm 22002777a 4500</leader>
<datafield tag="042" ind1=" " ind2=" ">
<subfield code="a">dc</subfield>
</datafield>
<datafield tag="720" ind1=" " ind2=" ">
<subfield code="a">Chumacero Goytendía, Carlo André</subfield>
<subfield code="e">author</subfield>
</datafield>
<datafield tag="260" ind1=" " ind2=" ">
<subfield code="c">2019</subfield>
</datafield>
<datafield tag="520" ind1=" " ind2=" ">
<subfield code="a">El presente Trabajo Fin de Grado se centra en estudiar las propiedades mecánicas, las frecuencias propias y coeficientes de amortiguamiento en una estructura esbelta hecha de madera sometida a variaciones ambientales y de carga.para ello, se llevará a cabo el prototipado de una estructura en celosía de tipología Warren hecha con palitos de helado en el cual se realizan en el cual se realizan en la fase experimental ensayos estáticos y dinámicos para estudiar las propiedades mecánicas y el comportamiento de este material sometido a distintas cargas con variación de las condiciones ambientales.</subfield>
</datafield>
<datafield tag="024" ind2=" " ind1="8">
<subfield code="a">http://uvadoc.uva.es/handle/10324/36746</subfield>
</datafield>
<datafield ind1=" " ind2=" " tag="653">
<subfield code="a">Estructuras (Construcción)</subfield>
</datafield>
<datafield ind1=" " ind2=" " tag="653">
<subfield code="a">Estructuras - Diseño</subfield>
</datafield>
<datafield ind1=" " ind2=" " tag="653">
<subfield code="a">Estructuras, Ingeniería de</subfield>
</datafield>
<datafield ind1=" " ind2=" " tag="653">
<subfield code="a">Puentes - Construcción</subfield>
</datafield>
<datafield ind1=" " ind2=" " tag="653">
<subfield code="a">Puentes - Diseño</subfield>
</datafield>
<datafield tag="245" ind1="0" ind2="0">
<subfield code="a">Prototipado y simulación de una maqueta de puente tipo Warren hecha con palitos de madera</subfield>
</datafield>
</record></metadata></record></GetRecord></OAI-PMH>